Land application of residual materials : selected papers, Engineering Foundation conference, Easton, Maryland, September 26-October 1, 1976.

محفوظ في:
التفاصيل البيبلوغرافية
مؤلف مشترك: Engineering Foundation (U.S.)
التنسيق: كتاب
اللغة:English
منشور في: New York : American Society of Civil Engineers, [1977?].
الموضوعات:
LEADER 01104cam a2200265 a 4500
001 c000231527
003 CARM
005 20070323144349.0
008 780605s1977 nyua b 101 0 eng
010 |a 78325914 
019 1 |a 1196190  |5 LACONCORD2021 
035 |a (OCoLC)4833231  |5 LACONCORD2021 
040 |a LC  |b eng  |c LC  |d LC 
050 0 0 |a TD795.7  |b .L34 
082 0 4 |a 628/.36 
245 0 0 |a Land application of residual materials :  |b selected papers, Engineering Foundation conference, Easton, Maryland, September 26-October 1, 1976. 
260 |a New York :  |b American Society of Civil Engineers,  |c [1977?]. 
300 |a iii, 183 p. :  |b ill. ;  |c 22 cm. 
504 |a Includes bibliographical references and indexes. 
505 0 |a Includes bibliographical references and indexes. 
650 0 |a Sanitary landfills  |x Congresses. 
710 2 |a Engineering Foundation (U.S.) 
852 8 |b CARM  |h A1:AP17A0  |i B07422  |p 0342040  |f BK 
999 f f |i 59d63cdc-45f0-5838-8d71-75ba3c7c9dc6  |s a6d00be3-a9cb-5a04-8b10-488bec299546 
952 f f |p Can circulate  |a CAVAL  |b CAVAL  |c CAVAL  |d CARM 1 Store  |e B07422  |f A1:AP17A0  |h Other scheme  |i book  |m 0342040